000 00733cam a2200253 a 4500
999 _c3732
_d3732
001 14109564
003 OCoLC
005 20181122110945.0
008 861015r19851931nju 000 0beng
010 _a86214512 //r91
020 _a0916441148
040 _aDLC
_cDLC
_dBSC
082 _a287
_bL269J
092 _a287.092
_bW513v
100 1 _aVulliamy, C. E.
_q(Colwyn Edward),
_d1886-
245 1 0 _aJohn Wesley /
_cC.E. Vulliamy.
260 _aWestwood, N.J. :
_bBarbour,
_cc1985.
300 _a359 p. ;
_b23 cm.
440 0 _aHeroes of the faith
500 _aPreviously published: London : G. Bles, 1931.
600 1 0 _aWesley, John,
_d1703-1791.
650 0 _aMethodist Church
_zEngland
_xClergy
_xBiography.
942 _2ddc
_cBK